[Event "Bicaz City Cup 2020"]
[Site "Bicaz"]
[Date "2020.03.06"]
[Round "3.1"]
[White "Istratescu, Andrei"]
[Black "Pislariu, Stefanel-Vasilica"]
[Result "1-0"]
[WhiteElo "2550"]
[BlackElo "1954"]
[Annotator "TA"]
[PlyCount "85"]
[EventDate "2020.03.05"]
[EventType "swiss"]
[EventCountry "ROU"]
[SourceTitle "playchess.com"]
[Source "ChessBase"]
[SourceQuality "1"]

{[%evp 21,85,0,0,0,0,0,0,0,0,0,33,0,29,40,43,0,20,16,21,12,22,18,19,12,19,19,79,52,64,61,116,97,158,161,147,126,120,132,253,250,250,235,234,229,341,333,318,308,337,246,504,504,486,475,552,544,446,439,602,593,587,562,606,572,675,633]} 1. e4 e6 2. d4 d5 3. Nc3 Bb4 4. e5 Ne7 5. a3 Bxc3+ 6. bxc3 c5 7. Qg4 O-O 8. Bd3 Nbc6 9. Nf3 f5 10. exf6 Rxf6 11. Bg5 e5 12. Qh4 {C18: French: 3 Nc3 Bb4: Main line: 7 h4 and 7 Qg4.} e4 $1 13. Bxf6 gxf6 14. Qxf6 {[#] aiming for Ng5.The position is equal.} exd3 15. cxd3 Bf5 16. O-O Qf8 17. Qg5+ Qg7 18. Qxg7+ Kxg7 19. dxc5 Bxd3 20. Rfe1 {[#]} Kf6 $146 ({Predecessor:} 20... Ng6 21. Rad1 Bc4 22. g3 Rc8 23. h4 h5 24. Kg2 Kf6 25. Ng5 Nge5 26. Re3 Kf5 {1-0 (47) Gazik,V (2431)-Petrik,T (2477) Slovakia 2016}) 21. Re3 $36 {[%mdl 2048] White is more active.} Be4 22. Nd2 Bg6 23. Rae1 Rc8 (23... Bf5 $11 {remains equal.}) 24. Re6+ $16 Kf7 25. Nf3 h6 (25... Rc7 $14) 26. Rd6 b6 ({Better is} 26... Rc7) 27. cxb6 axb6 28. Nd4 Nxd4 29. cxd4 b5 {[#]} (29... Rc7 $16 {is a better defense.} 30. Rxb6 Nf5) 30. Rd7 $1 $18 Re8 31. f3 Bf5 32. Rb7 Bd3 (32... Be6 {was worth a try.} 33. g4 (33. Rxb5 Nf5 $16) 33... Kf6) 33. g4 Kf8 34. Re3 Bc4 {Black hopes to continue with ...Nc6.} 35. Rb6 Ng8 $2 (35... Rc8 36. Rxh6 Kg7) 36. Rxe8+ {White is clearly winning.} Kxe8 37. h4 Kf7 38. h5 Nf6 39. Kf2 Kg7 40. Rb7+ Kf8 41. Ke3 Kg8 42. Kf4 Nh7 43. Rb6 {Accuracy: White = 92%, Black = 50%.} 1-0

[Event "Bicaz City Cup 2020"]
[Site "Bicaz"]
[Date "2020.03.06"]
[Round "3.2"]
[White "Antal, Hunor-Zoltan"]
[Black "Manolache, Marius"]
[Result "1/2-1/2"]
[WhiteElo "1989"]
[BlackElo "2541"]
[Annotator "TA"]
[PlyCount "108"]
[EventDate "2020.03.05"]
[EventType "swiss"]
[EventCountry "ROU"]
[SourceTitle "playchess.com"]
[Source "ChessBase"]
[SourceQuality "1"]

{[%evp 15,108,39,79,19,60,21,47,12,14,20,25,14,28,15,23,22,37,22,104,77,72,78,78,76,64,64,94,100,87,81,102,85,82,72,80,77,72,75,79,88,81,77,81,76,93,91,91,102,98,107,90,90,230,230,225,226,424,424,424,424,424,233,233,233,233,233,233,233,233,233,233,233,233,233,281,281,281,281,281,281,281,281,281,281,281,281,281,0,281,0,281,0,281,0,281]} 1. d4 Nf6 2. Nf3 d6 3. c4 c6 4. g3 g6 5. Bg2 Bg7 6. O-O O-O 7. Nc3 a6 8. e4 b5 {8...Bg4 injects fresh life into this line.} 9. Qe2 {E62: King's Indian: Fianchetto: 6...c6 and Panno Variation (6...Nc6) without ...a6.} ({Better is} 9. e5 $16 Ne8 10. exd6) 9... bxc4 $11 10. Qxc4 a5 11. Rd1 {[#] White is slightly better.} d5 $146 ({Predecessor:} 11... Ba6 12. Qa4 Qb6 13. Qc2 Nbd7 14. h3 Rab8 15. Rb1 c5 16. e5 Ne8 17. Nd5 Qd8 {1-0 (27) Kustar,S (2335)-Csapo,Z (2275) Harkany 1993}) 12. exd5 cxd5 13. Qb3 e6 14. Bf4 Nc6 15. Rac1 Ba6 16. Na4 $36 {[%mdl 2048] White has good play.} Nb4 (16... Bc4 $11 {remains equal.} 17. Qe3 Ne7) 17. Bc7 Bc4 18. Qxc4 $1 ({But not} 18. Bxd8 Bxb3 19. Bxf6 Bxa4 $11) 18... dxc4 19. Bxd8 Raxd8 20. a3 $1 {[%cal Ra3b4]} Nbd5 21. Rxc4 Nd7 22. Rc6 Rb8 23. Ra6 N7b6 24. Nxb6 Rxb6 25. Rxb6 Nxb6 26. Rc1 Rb8 {[#]} 27. Rc5 $1 Na4 28. Rxa5 Nxb2 29. Bf1 Rd8 30. a4 Bxd4 31. Nxd4 Rxd4 $16 {[%mdl 4096] Endgame KRB-KRN} 32. Ra8+ Kg7 33. a5 {Black must now prevent a6.} Rd1 (33... Nd3 $16) 34. a6 $18 {Hoping for Rb8.} Nc4 {next ...Nd2 is good for Black.} 35. a7 Nd2 $2 {[#]} (35... Ra1) 36. Rg8+ $1 {[%mdl 576] Decoy, Clearance, Promotion} Kxg8 37. a8=Q+ Kg7 38. Qa2 (38. Qa4 $142 Rxf1+ 39. Kg2) 38... Nxf1 {[%cal Rf1e3]} 39. Kg2 {Qe2 is the strong threat.} Nxg3 40. hxg3 {KQ-KR} h5 41. Qb2+ Kh7 42. Qc3 Rd5 43. f4 Rf5 44. Qd4 g5 45. fxg5 Rxg5 46. Qh4 Kg6 47. Qe4+ Rf5 48. Kh3 Kh6 49. Qe3+ Kg7 50. Qd4+ Kh7 51. Qe4 $2 ({White should play} 51. Kh4 $18) 51... Kg7 $2 {[%mdl 8192]} (51... Kh6 $1 $11 52. Qe3+ Kg7) 52. Qd4+ Kh7 $1 53. Qe4 Kg7 54. Qd4+ Kh7 $1 {[%mdl 32768] Accuracy: White = 82%, Black = 73%. . An unexpected result.} 1/2-1/2

[Event "Bicaz City Cup 2020"]
[Site "Bicaz"]
[Date "2020.03.06"]
[Round "3.3"]
[White "Svetushkin, Dmitry"]
[Black "Ienasoaie, Rafael"]
[Result "1-0"]
[WhiteElo "2504"]
[BlackElo "1883"]
[Annotator "TA"]
[PlyCount "80"]
[EventDate "2020.03.05"]
[EventType "swiss"]
[EventCountry "ROU"]
[SourceTitle "playchess.com"]
[Source "ChessBase"]
[SourceQuality "1"]

{[%evp 14,80,39,38,96,98,92,84,85,78,169,56,45,58,89,86,102,116,112,102,107,98,141,143,149,143,166,147,161,143,190,200,201,206,233,178,184,195,183,176,217,210,210,210,210,208,200,213,147,156,267,274,268,264,254,238,256,254,506,407,573,573,584,524,29989,29990,29998,29999,29999]} 1. e4 c5 2. Nf3 d6 3. Bb5+ Bd7 4. Bxd7+ Nxd7 5. O-O Ngf6 6. Qe2 g6 7. c3 Bg7 8. d4 O-O {[#] B52: Sicilian: Moscow Variation with 3...Bd7.} ({Black should play} 8... Qb6 $14) 9. e5 $1 $16 {[%cal Re5f6]} dxe5 10. dxe5 Ne8 {White is better.} 11. e6 fxe6 {[#]} (11... Nb6 $16) 12. Ng5 $146 ({Better is} 12. Qxe6+ $18 Kh8 13. Ng5) ({Predecessor:} 12. Qxe6+ Kh8 13. Rd1 Nd6 14. Bg5 Nf6 15. Na3 Qe8 16. Re1 Nf5 17. Nh4 Nxh4 18. Bxh4 {1-0 (40) Horvath,I (2271)-Kiss,R (2179) Hungary 2002}) 12... Qb6 $14 13. Nxe6 Rf7 14. Ng5 Rf5 15. Qc4+ e6 16. Qxe6+ Qxe6 17. Nxe6 Rf6 18. Re1 $36 {[%mdl 2048] Black is under strong pressure.} Nd6 {...Re8 is the strong threat.} 19. Bg5 Rf7 20. Nd2 b6 21. Rad1 h6 22. Nf3 Nc4 23. Nxg7 Kxg7 24. Be7 Nf8 25. b3 Na5 26. Rd6 g5 27. Bxf8+ Raxf8 28. Ree6 Rf6 29. h4 Rxe6 30. Rxe6 gxh4 31. Nxh4 $18 {[%mdl 4096] Endgame KRN-KRN} Rf4 {[#]} (31... c4 $16 {was worth a try.}) 32. g3 $1 {[%cal Rg3f4]} Rf7 33. Kg2 h5 34. f4 Rd7 35. Nf3 Rd3 $2 (35... Nb7 36. Ne5 Rd2+ 37. Kf3 Kf8) 36. f5 Kf8 (36... Rd8 {was necessary.} 37. Ng5 Rf8 38. Rg6+ Kh8) 37. f6 Nb7 38. Re7 {Nh4 would kill now.} Nd8 39. Ne5 Rd6 40. Ng6+ Kg8 {Accuracy: White = 86%, Black = 47%.} 1-0

[Event "Bicaz City Cup 2020"]
[Site "Bicaz"]
[Date "2020.03.06"]
[Round "3.4"]
[White "Prisacaru, Stefan-Emilian"]
[Black "Soltanici, Ruslan"]
[Result "0-1"]
[WhiteElo "1953"]
[BlackElo "2403"]
[Annotator "TA"]
[PlyCount "76"]
[EventDate "2020.03.05"]
[EventType "swiss"]
[EventCountry "ROU"]
[SourceTitle "playchess.com"]
[Source "ChessBase"]
[SourceQuality "1"]

{[%evp 9,76,-8,0,-1,0,0,-6,0,0,-2,0,0,-3,-29,-26,-71,-35,-79,-52,-80,-42,-83,-83,-83,-83,-129,-118,-122,-112,-133,-133,-232,-225,-222,-223,-400,-273,-372,-274,-362,-348,-400,-385,-454,-423,-672,-656,-674,-658,-749,-465,-442,-434,-445,-453,-1149,-494,-451,-243,-244,-215,-625,-491,-2847,-2704,-2160,-1989,-1174,-949]} 1. d4 Nf6 2. Bf4 d5 3. e3 c5 4. c3 Nc6 5. Nd2 Bf5 6. Qb3 {D00: 1 d4 d5: Unusual lines.} Qd7 7. Ngf3 c4 8. Qd1 {The position is equal.} e6 9. Nh4 b5 10. Nxf5 exf5 11. a3 Bd6 {[#]} 12. Bg3 $146 ({Predecessor:} 12. Bxd6 Qxd6 13. g3 O-O 14. Bg2 g6 15. O-O Rfe8 16. Qc2 Re7 17. a4 Rb8 18. axb5 Rxb5 {0-1 (36) Martin Martin,L (1957)-Fernandez Estremera,F (1944) Collado Villalba 2019}) 12... O-O 13. Be2 a5 {[%cal Ba7a5,Ba5a4][%mdl 32]} 14. Qc2 g6 15. O-O Bxg3 16. hxg3 a4 17. Rad1 Rae8 18. Bf3 Kg7 19. Rfe1 h5 20. Kf1 (20. Kh2 $17) 20... g5 $19 21. Ra1 Rh8 22. Red1 $2 (22. Kg1 {is a better defense.}) 22... Ne7 {[%cal Bc6e7,Be7c8,Bc8d6][%mdl 32]} 23. Ke1 Nc8 24. Nf1 Nd6 25. Kd2 g4 26. Be2 Nfe4+ 27. Ke1 (27. Kc1 $142 Nxf2 28. Re1) 27... h4 28. gxh4 Rxh4 29. f3 Ng5 30. Kd2 gxf3 31. gxf3 f4 32. exf4 {[#]} (32. Kc1 $142 fxe3 33. Ng3) 32... Rxf4 (32... Rxe2+ $142 $1 {[%mdl 512]} 33. Kxe2 Nxf3 $1 {[%mdl 512]}) 33. Kc1 Qh3 (33... Qe6 $142 34. Qd2 Nh3) 34. Qd2 {[#]} Qh4 $1 {Hoping for ...Nb7.} 35. Ne3 $2 (35. Kb1) 35... Qf2 {Black is clearly winning.} ({Not} 35... Qh2 36. Rf1 $17) 36. Nxd5 (36. Ng4 $142 Rxg4 37. fxg4) 36... Rxe2 37. Nxf4 Rxd2 38. Rxd2 Qe1+ {White got outplayed after the opening. Accuracy: White = 31%, Black = 55%.} 0-1

[Event "Bicaz City Cup 2020"]
[Site "Bicaz"]
[Date "2020.03.06"]
[Round "3.5"]
[White "Baltag, Iulian"]
[Black "Tablan, Matei-Christian"]
[Result "1-0"]
[WhiteElo "2391"]
[BlackElo "1858"]
[Annotator "TA"]
[PlyCount "105"]
[EventDate "2020.03.05"]
[EventType "swiss"]
[EventCountry "ROU"]
[SourceTitle "playchess.com"]
[Source "ChessBase"]
[SourceQuality "1"]

{[%evp 9,105,22,38,40,55,41,51,40,59,37,34,37,39,30,42,24,152,151,175,170,213,205,212,208,212,204,216,218,270,233,557,552,520,539,666,634,712,626,611,627,620,613,593,562,545,527,523,527,529,524,620,608,625,618,616,609,610,590,677,673,645,601,601,600,586,594,595,585,593,580,581,559,687,684,650,670,697,681,712,679,738,720,795,829,1088,1073,1168,1191,1157,1122,1110,1007,5720,5671,29975,29977,6095,6095]} 1. Nf3 e6 2. g3 d5 3. Bg2 f5 4. O-O Nf6 5. d3 Bd6 6. Nbd2 {A04: Unusual lines after 1 Nf3 and King's Indian Attack.} e5 7. e4 fxe4 8. dxe4 {White is slightly better.} d4 9. Nxd4 exd4 {[#]} 10. e5 $1 {[%mdl 512]} Bxe5 11. Re1 O-O $1 {Hoping for ...Bd6.} 12. Rxe5 {[#]} Nbd7 $146 {Black is now going downhill.} (12... Nc6 $11 {remains equal.} 13. Re1 Bg4) ({Predecessor:} 12... Bg4 13. Qf1 c6 14. Qc4+ Kh8 15. Nb3 Nbd7 16. Re1 Re8 17. Bf4 Nb6 18. Qxd4 Qc8 {1-0 (65) Heer,S (2007)-Boehm,U (2034) Bayern 2016}) 13. Re1 $36 {[%mdl 2048] White is in control.} a5 14. Nf3 c5 15. c3 dxc3 16. Qb3+ ({Don't play} 16. bxc3 $6 Nb6 $16) 16... Kh8 17. Qxc3 Nd5 18. Qc4 N5b6 19. Qb5 c4 $2 (19... Nf6 20. Qxc5 Bg4) 20. Be3 $18 Ra6 21. Rad1 Qc7 22. Ng5 {Strongly threatening Ne6.} Nf6 23. Bf4 Bd7 24. Qxa6 Qxf4 25. Qxa5 Qf5 26. Qxf5 Bxf5 {[#]} 27. Rd8 $1 {[%mdl 576] Deflection, Decoy} Rxd8 28. Nf7+ {[%mdl 64] Double Attack} Kg8 29. Nxd8 Bd3 30. Nxb7 Na4 31. b3 cxb3 32. axb3 Nc3 33. Bf1 Be4 34. Nc5 Bd5 35. Bc4 Kf8 36. Bxd5 Nfxd5 {[%mdl 4096] Endgame KRN-KNN} 37. Nd3 Nb5 38. Re5 Ndc3 39. Nc5 Kf7 40. Kg2 Nc7 41. Ne4 N3d5 42. f4 h6 43. Kf3 Nb4 44. Nd6+ Kf8 45. Rc5 Ne6 46. Rc4 Nc6 47. Ke4 Na5 48. Rc8+ Ke7 49. b4 Nb3 50. Nf5+ Kf6 51. Rc6 Kf7 52. Rxe6 {[%mdl 64] Decoy} Kxe6 53. Nd4+ {Accuracy: White = 100%, Black = 47%.} 1-0

[Event "Bicaz City Cup 2020"]
[Site "Bicaz"]
[Date "2020.03.06"]
[Round "3.6"]
[White "Cimpoiasu, Dan"]
[Black "Danilov, Vladimir"]
[Result "0-1"]
[WhiteElo "1884"]
[BlackElo "2388"]
[Annotator "TA"]
[PlyCount "112"]
[EventDate "2020.03.05"]
[EventType "swiss"]
[EventCountry "ROU"]
[SourceTitle "playchess.com"]
[Source "ChessBase"]
[SourceQuality "1"]

{[%evp 9,112,6,9,8,25,-10,-9,-3,0,0,11,0,-5,-14,-12,-6,-8,-8,0,-14,7,0,0,0,0,0,0,0,0,0,0,0,0,-18,-18,-23,-14,-14,-10,-5,0,0,0,0,0,0,0,0,0,0,6,-6,0,0,0,0,0,0,0,0,0,0,0,0,0,0,0,-9,0,-8,-3,-8,-8,-12,0,0,8,0,0,0,8,0,0,0,0,-8,-8,-8,-8,-8,-8,-8,-8,-8,-8,-8,-8,-8,-8,-8,-8,-8,-8,-8,-8]} 1. Nf3 d5 2. d4 c6 3. Bf4 Bf5 4. e3 e6 5. Bd3 Nf6 6. O-O {D02: 1 d4 d5 2 Nf3 sidelines, including 2...Nf6 3 g3 and 2...Nf6 3 Bf4.} Nbd7 7. Ne5 Nxe5 8. Bxe5 Nd7 9. Bg3 Be7 10. Nc3 Bxd3 11. Qxd3 O-O 12. Ne2 b5 13. a4 a6 14. b3 Nb6 15. axb5 axb5 16. Qc3 Qd7 17. Rxa8 Rxa8 18. Ra1 Qb7 19. Rxa8+ Qxa8 20. h3 Nd7 21. Bc7 b4 22. Qd3 h5 23. g4 {The position is equal.} hxg4 24. hxg4 Qc8 25. Bg3 c5 26. dxc5 Nxc5 27. Qb5 Ne4 28. Qb8 Qxb8 29. Bxb8 $11 {[%mdl 4096] Endgame KBN-KBN} f6 30. Ba7 Kf7 31. f3 Nd2 32. Kf2 e5 33. Ng3 g6 34. Ke2 Nb1 35. Kd3 Ke6 36. Ne2 f5 37. gxf5+ gxf5 38. c3 Na3 39. cxb4 Bxb4 {( -> ...e4+)} 40. Ng3 Nb5 41. Bb8 Bd6 42. Bxd6 {Bc5 is the strong threat.} Nxd6 {KN-KN} 43. Ne2 Nb5 44. Ng3 Nd6 45. Ne2 Nb5 46. Ng3 Nc7 47. Kc3 d4+ 48. exd4 Nb5+ {[%mdl 64] [#] Double Attack} 49. Kd3 Nxd4 {[%mdl 64] Double Attack} 50. f4 exf4 51. Ne2 Nxb3 {Threatens to win with ...Ke5.} 52. Nxf4+ Kd6 53. Ke3 Nc5 54. Ng6 Ne6 55. Nh4 Ke5 {[#]} 56. Nxf5 $1 {[%mdl 512]} Kxf5 {[%mdl 32768] A rather calm draw. Accuracy: White = 98%, Black = 100%. . Sensor Board Error (Ke4/e5)?} 0-1

[Event "Bicaz City Cup 2020"]
[Site "Bicaz"]
[Date "2020.03.06"]
[Round "3.7"]
[White "Dobre, Claudiu-Cristian"]
[Black "Dumitru, Luca-Serban"]
[Result "1-0"]
[WhiteElo "2312"]
[BlackElo "1788"]
[Annotator "ChessBase"]
[PlyCount "53"]
[EventDate "2020.03.05"]
[EventType "swiss"]
[EventCountry "ROU"]
[SourceTitle "playchess.com"]
[Source "ChessBase"]
[SourceQuality "1"]
[TimeControl "5400+30"]

1. Nf3 d5 {[%emt 0:02:46]} 2. c4 {[%emt 0:00:00]} d4 {[%emt 0:00:28]} 3. b4 {[%emt 0:00:40]} g6 {[%emt 0:02:42]} 4. g3 {[%emt 0:07:48]} Bg7 {[%emt 0:02:06]} 5. d3 {[%emt 0:00:27]} Bg4 {[%emt 0:01:45]} 6. Bg2 {[%emt 0:00:25]} Qc8 {[%emt 0:00:56]} 7. Bb2 {[%emt 0:05:24]} e5 {[%emt 0:01:20]} 8. Nbd2 {[%emt 0:03:18]} Bh3 {[%emt 0:00:56]} 9. O-O {[%emt 0:00:16]} Bxg2 {[%emt 0:00:10]} 10. Kxg2 {[%emt 0:00:06]} Ne7 {[%emt 0:02:12]} 11. e3 {[%emt 0:13:56]} dxe3 {[%emt 0:04:15]} 12. fxe3 {[%emt 0:00:47]} Nf5 {[%emt 0:02:16]} 13. Qe2 {[%emt 0:10:21]} Nd7 {[%emt 0:03:08]} 14. d4 {[%emt 0:16:45]} Bh6 {[%emt 0:02:07]} 15. dxe5 {[%emt 0:01:03]} Nxe3+ {[%emt 0:00:34]} 16. Kh1 {[%emt 0:00:06]} O-O {[%emt 0:00:32]} 17. Rf2 {[%emt 0:04:09]} Ng4 {[%emt 0:07:43]} 18. Rff1 {[%emt 0:07:23]} Re8 {[%emt 0:01:37]} 19. Ne4 {[%emt 0:02:46]} Bg7 {[%emt 0:00:59]} 20. e6 {[%emt 0:02:17]} Rxe6 {[%emt 0:04:09]} 21. Bxg7 {[%emt 0:01:13]} Kxg7 {[%emt 0:00:08]} 22. Nd4 {[%emt 0:03:29]} Re5 {[%emt 0:01:16]} 23. Qxg4 {[%emt 0:00:41]} f5 {[%emt 0:00:45]} 24. Rxf5 {[%emt 0:03:01]} h5 {[%emt 0:04:29]} 25. Qg5 {[%emt 0:00:51]} Rxe4 26. Raf1 {[%emt 0:00:24]} Rg4 {[%emt 0:09:39]} 27. Rf7+ 1-0

[Event "Bicaz City Cup 2020"]
[Site "Bicaz"]
[Date "2020.03.06"]
[Round "3.8"]
[White "Dinca, Ovidiu"]
[Black "Bargan, Sergiu"]
[Result "0-1"]
[WhiteElo "1854"]
[BlackElo "2258"]
[Annotator "TA"]
[PlyCount "118"]
[EventDate "2020.03.05"]
[EventType "swiss"]
[EventCountry "ROU"]
[SourceTitle "playchess.com"]
[Source "ChessBase"]
[SourceQuality "1"]

{[%evp 23,118,17,16,7,8,0,15,10,21,13,38,21,24,0,0,16,22,0,0,0,29,35,65,6,16,12,34,27,18,20,27,-72,-69,-69,-71,-93,-95,-101,-100,-106,-106,-100,-95,-105,0,-124,-106,-121,-100,-112,-96,-292,-294,-283,-252,-268,-262,-259,-243,-319,0,-279,-241,-318,-308,-393,-383,-467,-457,-437,-383,-627,-581,-606,-556,-823,-827,-747,-822,-720,-694,-893,-863,-2188,-1943,-2291,-2044,-1730,-1843,-1764,-1685,-4134,-4133,-1500,-1408,-1408,-1223]} 1. Nf3 Nf6 2. d4 d5 3. c4 c6 4. cxd5 cxd5 5. Nc3 Nc6 6. Bf4 a6 7. e3 Bg4 8. Be2 e6 9. O-O Be7 10. h3 Bxf3 11. Bxf3 O-O 12. Rc1 Rc8 13. Qe2 {D13: Slav Defence: Exchange variation without ...Bf5.} Qa5 {[#]} 14. Bg5 $146 ({Predecessor:} 14. a3 Rfd8 15. Rfd1 Ne8 16. Nb1 Rd7 17. Nd2 Qd8 18. Nb3 Bd6 19. Nc5 Rdc7 20. Bxd6 Nxd6 {½-½ (37) Santa Torres,J (2220)-Prie,E (2480) Yerevan 1996}) 14... Bd6 15. Rfd1 {The position is equal.} Rfd8 16. g3 Ne7 17. Bxf6 gxf6 18. e4 dxe4 19. Bxe4 Qb6 20. Rd2 f5 21. Bg2 Ng6 22. Rcd1 Kg7 23. Qf3 ({White should try} 23. h4 $14) 23... Rc7 $11 24. h4 Bb4 25. h5 Ne7 26. Qe3 {[#] aiming for Qg5+.} h6 27. Re2 (27. Qe5+ $11 {keeps the balance.} f6 28. Qe2) 27... Bxc3 $17 28. bxc3 Nd5 $1 {[%cal Rd5e3]} 29. Bxd5 Rxd5 30. Rd3 Rc4 31. f4 Ra4 32. Kh2 Qb1 33. Rdd2 Qb6 (33... Qb5 $17) 34. Rg2 (34. Rd3 $1 $11 {was the only way to keep the balance.}) 34... Kf8 35. Qf3 Qc7 36. Rge2 Ra3 37. Rd3 $2 {[#]} (37. Rc2 $17) 37... Qc4 $19 38. Qe3 Rxa2 39. Rxa2 Qxa2+ {[%mdl 4096] Endgame KQR-KQR} 40. Rd2 Qa3 41. Rd3 Qa2+ 42. Rd2 Qc4 43. Rb2 b5 44. Rf2 a5 45. g4 {and the idea g5 leaves White hopeful.} b4 46. cxb4 axb4 47. g5 $2 (47. Kg2) 47... Qxd4 {Black is clearly winning.} 48. Qxd4 Rxd4 {KR-KR} 49. Kg3 hxg5 50. fxg5 Rg4+ 51. Kf3 Rxg5 52. Rh2 Kg7 53. Kf4 Kh6 54. Ke5 Rxh5 55. Rg2 Rg5 56. Rb2 Kg6 57. Rxb4 Rg4 58. Rb8 Re4+ 59. Kd6 Kf6 {Accuracy: White = 53%, Black = 81%.} 0-1

[Event "Bicaz City Cup 2020"]
[Site "Bicaz"]
[Date "2020.03.06"]
[Round "3.9"]
[White "Mazilu, Stefan-Fabian"]
[Black "Filip, Andrei"]
[Result "1/2-1/2"]
[WhiteElo "1772"]
[BlackElo "2103"]
[Annotator "ChessBase"]
[PlyCount "52"]
[EventDate "2020.03.05"]
[EventType "swiss"]
[EventCountry "ROU"]
[SourceTitle "playchess.com"]
[Source "ChessBase"]
[SourceQuality "1"]
[TimeControl "5400+30"]

1. d4 {[%emt 0:00:00]} Nf6 {[%emt 0:00:00]} 2. c4 {[%emt 0:00:00]} e6 {[%emt 0:00:00]} 3. g3 {[%emt 0:00:00]} d5 {[%emt 0:00:22]} 4. Bg2 {[%emt 0:00:00]} Bb4+ {[%emt 0:00:29]} 5. Bd2 {[%emt 0:00:09]} Be7 {[%emt 0:00:22]} 6. Bc3 {[%emt 0:01:18]} c6 {[%emt 0:00:51]} 7. Nf3 {[%emt 0:00:39]} O-O {[%emt 0:00:13]} 8. O-O {[%emt 0:00:43]} b6 {[%emt 0:00:14]} 9. Nbd2 {[%emt 0:00:41]} Bb7 10. Qc2 {[%emt 0:01:10]} Nbd7 {[%emt 0:02:12]} 11. e4 {[%emt 0:03:04]} c5 {[%emt 0:04:46]} 12. exd5 {[%emt 0:07:44]} exd5 {[%emt 0:01:17]} 13. Ne5 {[%emt 0:04:44]} cxd4 {[%emt 0:10:01]} 14. Bxd4 {[%emt 0:01:10]} Qc7 {[%emt 0:01:52]} 15. Rfe1 {[%emt 0:03:20]} dxc4 {[%emt 0:24:08]} 16. Qxc4 {[%emt 0:05:47]} Nc5 {[%emt 0:09:47]} 17. b4 {[%emt 0:08:04]} Bxg2 {[%emt 0:01:45]} 18. bxc5 {[%emt 0:04:29]} bxc5 {[%emt 0:09:06]} 19. Kxg2 {[%emt 0:01:25]} Qb7+ {[%emt 0:00:29]} 20. Ndf3 {[%emt 0:00:56]} cxd4 {[%emt 0:02:41]} 21. Qxd4 {[%emt 0:00:22]} Rad8 {[%emt 0:02:28]} 22. Qc4 {[%emt 0:02:29]} Rc8 {[%emt 0:04:15]} 23. Qb3 {[%emt 0:01:51]} Qc7 {[%emt 0:05:36]} 24. Rac1 {[%emt 0:01:53]} Qxc1 {[%emt 0:02:23]} 25. Rxc1 {[%emt 0:00:10]} Rxc1 {[%emt 0:00:08]} 26. Ng5 {[%emt 0:00:29]} Rc5 {[%emt 0:08:20]} 1/2-1/2